| 000 | 00598nam a22001937a 4500 | ||
|---|---|---|---|
| 999 |
_c12033 _d12033 |
||
| 003 | AR-CdUCM | ||
| 008 | 190405b ||||| |||| 00| 0 spa d | ||
| 040 |
_aMUNICIPALIDAD PROVINCIAL DEL CUSCO _cBIBLIOTECA MUNICIPAL DEL CUSCO |
||
| 082 |
_a858.9 / _bG89 / 1926 |
||
| 100 |
_aGuglielminetti, Amalia _929688 |
||
| 245 | _aEl desquite del hombre / | ||
| 260 |
_aBuenos Aires : _bLa novela semanal, _c1926. |
||
| 300 |
_a249 paginas ; _c19 cm. |
||
| 505 | _aContenido :Teatro / | ||
| 650 |
_aLiteratura chilena _92985 |
||
| 650 |
_aTeatro _9173 |
||
| 942 |
_2ddc _cLIBROS |
||
| 945 |
_arjall _d2019-04-05 |
||